मृत्युपत्र गरज आणि मार्गदर्शन. (Record no. 784075)

MARC details
000 -LEADER
fixed length control field 00730nam a2200181Ia 4500
008 - FIXED-LENGTH DATA ELEMENTS--GENERAL INFORMATION
fixed length control field 100921s9999 xx 000 0 und d
082 ## - DEWEY DECIMAL CLASSIFICATION NUMBER
Item number 34962
Classification number 340 न 01
100 ## - MAIN ENTRY--PERSONAL NAME
Personal name गोडबोले अरूण.
245 ## - TITLE STATEMENT
Title मृत्युपत्र गरज आणि मार्गदर्शन.
260 ## - PUBLICATION, DISTRIBUTION, ETC. (IMPRINT)
Name of publisher, distributor, etc कौशिक प्रकाशन, सातारा.
Date of publication, distribution, etc 2001
300 ## - PHYSICAL DESCRIPTION
Extent 144
Other physical details ---
365 ## - TRADE PRICE
Price amount 108
520 ## - SUMMARY, ETC.
Summary, etc स.शा.-कायदा.
630 ## - SUBJECT ADDED ENTRY--UNIFORM TITLE
Uniform title मृत्युपत्र गरज आणि मार्गदर्शन.
650 ## - SUBJECT ADDED ENTRY--TOPICAL TERM
Topical term or geographic name as entry element स.शा.-कायदा.
730 ## - ADDED ENTRY--UNIFORM TITLE
Uniform title मृत्युपत्र गरज आणि मार्गदर्शन.
942 ## - ADDED ENTRY ELEMENTS (KOHA)
Koha item type Book
Holdings
Withdrawn status Lost status Damaged status Not for loan Home library Current library Shelving location Date acquired Cost, normal purchase price Total Checkouts Barcode Date last seen Price effective from Koha item type Public note
        Lo. Tilak Granthasangrahalaya, Wai Lo. Tilak Granthasangrahalaya, Wai     108.00   WAITILAKGS-34962 09/21/2010 09/21/2010 Book देवघेव